The Evolution of the Genome (Record no. 17145)
[ view plain ]
| 000 -LEADER | |
|---|---|
| fixed length control field | 00263nam a22001097a 4500 |
| 008 - FIXED-LENGTH DATA ELEMENTS--GENERAL INFORMATION | |
| fixed length control field | 140529t xxu||||| |||| 00| 0 eng d |
| 020 ## - INTERNATIONAL STANDARD BOOK NUMBER | |
| International Standard Book Number | 978-81-312-0213-5 |
| 100 ## - MAIN ENTRY--PERSONAL NAME | |
| Personal name | T. Ryan Gregory |
| 9 (RLIN) | 907 |
| 245 ## - TITLE STATEMENT | |
| Title | The Evolution of the Genome |
| 300 ## - PHYSICAL DESCRIPTION | |
| Extent | 740 |
| 942 ## - ADDED ENTRY ELEMENTS (KOHA) | |
| Source of classification or shelving scheme | |
| Koha item type | Book |
| Withdrawn status | Lost status | Source of classification or shelving scheme | Damaged status | Not for loan | Collection code | Permanent Location | Current Location | Date acquired | Total Checkouts | Total Renewals | Full call number | Barcode | Date last seen | Date last checked out | Price effective from | Koha item type |
|---|---|---|---|---|---|---|---|---|---|---|---|---|---|---|---|---|
| Central Library (CL) | Central Library (CL) | 05/29/2014 | 1 | 1 | 572 GRE | ASAB2211 | 03/22/2017 | 12/16/2015 | 05/29/2014 | Book |
